| 000 | 00439ntaaa2200157 4500 | ||
|---|---|---|---|
| 003 | 01 | ||
| 005 | 20251027201555.0 | ||
| 008 | 0714s1973 ag 01 | ||
| 040 |
_aAR-BaBN _bspa _cAR-BaBN _eaacr _dRIC |
||
| 082 | _a230.0000 Es8 | ||
| 245 | _aEsto Creemos; práticas sencillas sobre las doctrinas y la práctica del Cristianismo. | ||
| 250 |
_a1 ed. : _bMoody, _cn.f. |
||
| 300 | _a127 p. | ||
| 650 |
_aDoctrinas Cristianas _914302 |
||
| 942 | _cBK | ||
| 999 |
_c10321 _d10321 |
||